000 00318 a2200145 4500
001 156039
040 _cEscola São Tomás de Aquino
100 _aHIRATSUKA, Lúcia
240 1 0 _aAntes da chuva
_lpor
245 1 0 _aAntes da chuva
300 _a22
362 0 _a2011
697 _a*LITERATURA INFANTIL
942 _cBK
999 _c156039
_d156039